Etica parlamentaria en Costa Rica /

Guardado en:
Bibliografiske detaljer
Hovedforfatter: Ramírez Altamirano, Marina
Format: Texto
Tags: Tilføj Tag
Ingen Tags, Vær først til at tagge denne postø!

MARC

LEADER 00000 a a2200000 04500
001 17162
003
040
100 |a Ramírez Altamirano, Marina  
245 |a Etica parlamentaria en Costa Rica /  |c Marina Ramírez Altamirano 
773 |g volumen 7, número 3; páginas 203-243  
999 |c 31166  |d 31166